Państwa świata po kształcie flagi #2 - Statystyki

Ogólne statystyki
  • Ten quiz został rozwiązany 13 378 razy
  • Średni wynik to 13 z 16
Statystyki odpowiedzi
Obrazkowy Odpowiedź % Poprawnych
Stany Zjednoczone
99%
Ukraina
99%
Argentyna
98%
Australia
98%
Czechy
97%
Norwegia
96%
Republika Południowej Afryki
93%
Czarnogóra
89%
Pakistan
87%
Liban
81%
Senegal
80%
Demokratyczna Republika Konga
73%
Nepal
69%
Barbados
65%
Gabon
64%
Samoa
42%
Nie znaleziono quizów pasujących do podanych kryteriów
Rozkład punktacji
Procent ludzi z każdym wynikiem
Percentyl według liczby udzielonych odpowiedzi
Twoja historia wyników
Nie rozwiązałeś tego quizu